000 00224nam a2200085Ia 4500
008 120527s9999 xx 000 0 und d
100 _aOlajire,A,A.et al.
245 _aIntroductory organic and inorganic chemistry.
942 _cBK
999 _c22055
_d22055